<?xml version="1.0" encoding="UTF-8"?>
<record
    xmlns:xsi="http://www.w3.org/2001/XMLSchema-instance"
    xsi:schemaLocation="http://www.loc.gov/MARC21/slim http://www.loc.gov/standards/marcxml/schema/MARC21slim.xsd"
    xmlns="http://www.loc.gov/MARC21/slim">

  <leader>02534cam a2200361 i 4500</leader>
  <controlfield tag="001">a45082264</controlfield>
  <controlfield tag="003">SIRSI</controlfield>
  <controlfield tag="005">20250828090841.0</controlfield>
  <controlfield tag="008">240305t20242024nyu           000 1 eng d</controlfield>
  <datafield tag="020" ind1=" " ind2=" ">
    <subfield code="a">9781250891976</subfield>
    <subfield code="q">(hardcover)</subfield>
  </datafield>
  <datafield tag="020" ind1=" " ind2=" ">
    <subfield code="a">9781250891990</subfield>
    <subfield code="q">(trade paperback)</subfield>
  </datafield>
  <datafield tag="035" ind1=" " ind2=" ">
    <subfield code="a">(OCoLC)1424951825</subfield>
  </datafield>
  <datafield tag="040" ind1=" " ind2=" ">
    <subfield code="a">IEP</subfield>
    <subfield code="b">eng</subfield>
    <subfield code="e">rda</subfield>
    <subfield code="c">IEP</subfield>
    <subfield code="d">IEP</subfield>
    <subfield code="d">GZD</subfield>
    <subfield code="d">OCLCO</subfield>
    <subfield code="d">IUK</subfield>
    <subfield code="d">YDX</subfield>
    <subfield code="d">MWD</subfield>
    <subfield code="d">VP@</subfield>
    <subfield code="d">OCLCQ</subfield>
    <subfield code="d">UtOrBLW</subfield>
  </datafield>
  <datafield tag="041" ind1=" " ind2=" ">
    <subfield code="a">English</subfield>
  </datafield>
  <datafield tag="043" ind1=" " ind2=" ">
    <subfield code="a">n-us-md</subfield>
  </datafield>
  <datafield tag="049" ind1=" " ind2=" ">
    <subfield code="a">UPMM</subfield>
  </datafield>
  <datafield tag="050" ind1="1" ind2="4">
    <subfield code="a">PS3620.H6477</subfield>
    <subfield code="b">S83 2024</subfield>
  </datafield>
  <datafield tag="100" ind1=" " ind2=" ">
    <subfield code="a">Thompson, Aggie Blum,</subfield>
    <subfield code="e">author.</subfield>
    <subfield code="0">http://id.loc.gov/authorities/names/n2021010710</subfield>
    <subfield code="4">http://id.loc.gov/vocabulary/relators/aut</subfield>
    <subfield code="9">25824</subfield>
  </datafield>
  <datafield tag="245" ind1="1" ind2="0">
    <subfield code="a">Such a lovely family </subfield>
    <subfield code="c">/ Aggie Blum Thompson.</subfield>
  </datafield>
  <datafield tag="250" ind1=" " ind2=" ">
    <subfield code="a">First edition.</subfield>
  </datafield>
  <datafield tag="264" ind1=" " ind2="1">
    <subfield code="a">New York :</subfield>
    <subfield code="b">Forge, Tor Publishing Group,</subfield>
    <subfield code="c">2024.</subfield>
  </datafield>
  <datafield tag="264" ind1=" " ind2="4">
    <subfield code="c">&#xA9;2024</subfield>
  </datafield>
  <datafield tag="300" ind1=" " ind2=" ">
    <subfield code="a">340 pages ;</subfield>
    <subfield code="c">22 cm</subfield>
  </datafield>
  <datafield tag="520" ind1=" " ind2=" ">
    <subfield code="a">The cherry blossoms are in full bloom in Washington, D.C., and the Calhouns are in the midst of hosting their annual party to celebrate the best of the spring season. With a house full of friends, neighbors, and their beloved three adult children, the Calhouns are expecting another picture-perfect event. But a brutal murder in the middle of the celebration transforms the yearly gathering into a homicide scene, and all the guests into suspects.

Behind their fa&#xE7;ade of perfection, the Calhoun family has been keeping some very dark secrets. Parents who use money and emotional manipulation to control their children. Two sons, one the black sheep who is desperate to outrun mistakes he&#x2019;s made, and the other a new father, willing to risk everything to protect his child. And a daughter: an Instagram influencer who refuses to face the truth about the man she married.

As the investigation heats up, family tensions build, and alliances shift. Long-buried resentments surface, forcing the Calhouns to face their darkest secrets before it&#x2019;s too late.</subfield>
  </datafield>
  <datafield tag="650" ind1=" " ind2="0">
    <subfield code="a">Parties</subfield>
    <subfield code="v">Fiction.</subfield>
    <subfield code="0">http://id.loc.gov/authorities/subjects/sh2008109510</subfield>
  </datafield>
  <datafield tag="650" ind1=" " ind2="0">
    <subfield code="a">Family secrets</subfield>
    <subfield code="v">Fiction</subfield>
    <subfield code="0">http://id.loc.gov/authorities/subjects/sh2008103513</subfield>
    <subfield code="9">23679</subfield>
  </datafield>
  <datafield tag="650" ind1=" " ind2="0">
    <subfield code="a">Murder</subfield>
    <subfield code="v">Fiction</subfield>
    <subfield code="0">http://id.loc.gov/authorities/subjects/sh2008107179</subfield>
    <subfield code="9">25440</subfield>
  </datafield>
  <datafield tag="650" ind1=" " ind2="0">
    <subfield code="a">Homicide investigation</subfield>
    <subfield code="v">Fiction.</subfield>
  </datafield>
  <datafield tag="651" ind1=" " ind2="0">
    <subfield code="a">Washington (D.C.)</subfield>
    <subfield code="v">Fiction.</subfield>
  </datafield>
  <datafield tag="655" ind1=" " ind2="0">
    <subfield code="a">Thrillers (Fiction)</subfield>
    <subfield code="0">http://id.loc.gov/authorities/genreForms/gf2014026571</subfield>
    <subfield code="9">22669</subfield>
  </datafield>
  <datafield tag="655" ind1=" " ind2="0">
    <subfield code="a">Detective and mystery fiction</subfield>
    <subfield code="0">http://id.loc.gov/authorities/genreForms/gf2014026280</subfield>
    <subfield code="9">23664</subfield>
  </datafield>
  <datafield tag="942" ind1=" " ind2=" ">
    <subfield code="2">lcc</subfield>
  </datafield>
  <datafield tag="952" ind1=" " ind2=" ">
    <subfield code="0">0</subfield>
    <subfield code="1">0</subfield>
    <subfield code="2">lcc</subfield>
    <subfield code="4">0</subfield>
    <subfield code="7">0</subfield>
    <subfield code="a">TBS</subfield>
    <subfield code="b">TBS</subfield>
    <subfield code="d">2025-08-28</subfield>
    <subfield code="l">0</subfield>
    <subfield code="o">P-EN BLU</subfield>
    <subfield code="p">B05625</subfield>
    <subfield code="r">2025-08-28</subfield>
    <subfield code="t">1</subfield>
    <subfield code="w">2025-08-28</subfield>
    <subfield code="y">1</subfield>
  </datafield>
  <datafield tag="999" ind1=" " ind2=" ">
    <subfield code="c">4894</subfield>
    <subfield code="d">4894</subfield>
  </datafield>
</record>
